Sports Quiz

Random Sports or Football Quiz

Algerian soccer players Quiz Stats

Quiz not verified by Sporcle

Challenge
Share
Tweet
Score 0/20 Timer 06:00
0 Plays Today
% Correct
Riyad Mahrez
90.2%
Islam Slimani
83.6%
Sofiane Feghouli
73.8%
Yacine Brahimi
73.8%
Madjid Bougherra
67.2%
Rabah Madjer
60.7%
Raïs M'Bolhi
59%
Nabil Bentaleb
54.1%
Nadir Belhadj
45.9%
Carl Medjani
42.6%
% Correct
Rafik Halliche
42.6%
Ali Benarbia
37.7%
Lakhdar Belloumi
34.4%
Rafik Saïfi
32.8%
Antar Yahia
32.8%
Djamel Belmadi
27.9%
Moussa Saïb
26.2%
Abdelhafid Tasfaout
26.2%
Rachid Mekhloufi
16.4%
Mustapha Dahleb
16.4%

You're not logged in!

Compare scores with friends on all Sporcle quizzes.
Sign Up with Email
OR
Log In

You Might Also Like...

Show Comments

Extras

Top Quizzes Today


Score Distribution

Your Account Isn't Verified!

In order to create a playlist on Sporcle, you need to verify the email address you used during registration. Go to your Sporcle Settings to finish the process.

Report this User

Report this user for behavior that violates our Community Guidelines.

Details: